000 00383nam a2200145Ia 4500
005 20251222144838.0
008 251222s9999||||xx |||||||||||||| ||spa||
020 _a88-04-48219-2
082 _a371.334/P26
100 _aParisi, Domenico
245 0 _aScuol
250 _a.it: come il computer cambierá i l modo di studiare dei nostri figli
264 _bMondadori
942 _cLIB
999 _c21124
_d21124